|
|
|
|
| LEADER |
00000nam0a2200000 4500 |
| 001 |
168274 |
| 005 |
20231031163046.0 |
| 010 |
|
|
|a 5210000354
|
| 020 |
|
|
|a RU
|b 90-68157
|
| 035 |
|
|
|a (RuTPU)RU\TPU\book\182581
|
| 090 |
|
|
|a 168274
|
| 100 |
|
|
|a 20091027d1990 m y0rusy5003 ca
|
| 101 |
0 |
|
|a rus
|
| 102 |
|
|
|a RU
|
| 105 |
|
|
|a a z 001zy
|
| 200 |
1 |
|
|a Искусство видеть
|e о творческих способностях восприятия, о языке линий и красок и о воспитании зрителя
|f С. М. Даниэль
|
| 210 |
|
|
|a Ленинград
|c Искусство
|d 1990
|
| 215 |
|
|
|a 223 с.
|c ил.
|
| 320 |
|
|
|a Библиогр.: с. 216-218.
|
| 320 |
|
|
|a Словарь терминов: с. 219-222.
|
| 610 |
1 |
|
|a художественное восприятие
|
| 610 |
1 |
|
|a живопись
|
| 610 |
1 |
|
|a композиция
|
| 610 |
1 |
|
|a колорит
|
| 610 |
1 |
|
|a исполнение
|
| 675 |
|
|
|a 7.01
|v 3
|
| 700 |
|
1 |
|a Даниэль
|b С. М.
|g Сергей Михайлович
|4 070
|
| 801 |
|
0 |
|a RU
|b RuMRKP
|c 19950417
|g psbo
|
| 801 |
|
1 |
|a RU
|b 63413507
|c 20091027
|
| 801 |
|
2 |
|a RU
|b 63413507
|c 20140526
|g RCR
|
| 942 |
|
|
|c BK
|